000 01369nam a2200241 a 4500
003 AM-YEHGA
005 20250618080100.0
008 220623s2021 tu a|||gr|||||000|0|arm||
020 _a9786254449437
040 _aAM-YeHGA
041 0 _aarm
_atur
_aeng
245 0 0 _aՅիշելով Մեսրոպ Բ․ Պատրիարք հայրը ։
_b(Իր վախճանման տարելիցին առթիւ) /
_cԱռաջաբանի հեղինակ, կազմող և ձևավորող՝ Յովակիմ Աբղ․ Սերովբեան ; Ձևավորումը՝ Սարվէն Տանէ ; Նկարներու մշակում՝ Ա․ Քարաֆիլ․
260 _aՍտանպուլ ։
_bՊոլսոյ Պատրիարքութեան հրատ․,
_c2021․
300 _a384 էջ ։
_bնկարներ ;
_c20 x 20 սմ․
546 _aԲնագիրը՝ հայերեն, անգլերեն և թուրքերեն։
600 1 4 _aՄեսրոպ Բ․ արքեպիսկոպոս Մութաֆյան
_d1956-2019
_cՊոլսո Հայոց Պատրիարք (1998-2012)
_zՍտամբուլ, (Թուրքիա)
650 1 4 _aՀայ եկեղեցու գործիչներ
_94735
700 1 _aՍերովբեան, Յովակիմ
_eկազմող
_4com
_eառաջաբանի հեղինակ
_4aui
_eձևավորող
_4dsn
700 1 _aՏանէ, Սարվէն
_eձևավորող
_4dsn
942 _2udc
_cBK
001 1847925
090 _c563138
999 _c525790
_d525790